La Révolution Française - Statistiques

Statistiques générales
  • Ce quiz a été pris 130 fois
  • Le résultat moyen est 8 sur 15
Statistiques - réponses
Question Réponse % Correct
Quel est le premier article de la déclaration des droits de l'Homme et du citoyen ? Les hommes naissent et demeurent libres et égaux en droits. Les distinctions sociales ne peuvent être fondées que sur l’utilité commune.
87%
Pourquoi appelle-t-on les députés les plus radicaux les Montagnards ? Ils étaient assis en haut dans l'Assemblée.
83%
Que s'est-il passé la nuit du 4 août ? L'abolition des privilèges
75%
Quel fut le dernier jour de la famille royale à Versailles ? 6 octobre 1789
60%
Comment appelait-on les soldats royalistes ? Les blancs
60%
Quelle est la portraitiste officielle de Marie-Antoinette ? Élisabeth Vigée Le Brun
58%
Qui était le dernier gouverneur de la Bastille ? Marquis de Launay
53%
Qu'est-ce que le manifeste de Brunswick ? Ultimatum du chef de l'armée prussienne contre Paris
53%
Lequel de ces mots n'est pas un mois du calendrier Révolutionnaire ? Termaire
49%
Qui a écrit : 1º Qu’est-ce que le Tiers-État ? Tout. 2º Qu’a-t-il été jusqu’à présent dans l’ordre politique ? Rien. 3º Que demande-t-il ? À devenir quelque chose. Abbé Sieyès
44%
Quel était le titre de noblesse de Marie-Antoinette avant son mariage avec le Dauphin ? Archiduchesse
32%
Qui fut la première victime de la Guillotine ? Un mouton
30%
Qui a dit : "Il faut être terrible, pour éviter au peuple de l'être" George Danton
24%
Dans quelle salle se sont tenus les États généraux de 1789 ? L'Hôtel des Menus-Plaisirs
24%
Comment s'appelait la place de la Concorde avant la Révolution ? Place Louis XV
23%
Aucun quiz correspondant
Distribution des résultats
% des personnes avec chaque résultat
Percentile par nombre de réponses
Votre historique - résultats
Vous n’avez pas pris ce quiz